000 00532nam a22001937a 4500
003 MPLRDC
005 20220104190630.0
008 210129b ||||| |||| 00| 0 eng d
020 _a978-986-6130-08-3
082 _a859.6 YDMZ v.8
100 _aJOHANNA SPYRI 原著
245 _a阿尔卑斯山少女
_c张育甄 原创漫画
250 _a初版
260 _a台湾
_b大众国际书局股份有限公司
_c2011
300 _b157
490 _a悦读名著漫画版
650 _a儿童故事
942 _cBK
_o859.6 YDMZ v.8
999 _c63878
_d63868